Kıbrıs gerçeği ve Irak sorunu (Record no. 7876)

MARC details
000 -BAŞLIK
Sabit Uzunlukta Kontrol Alanı 00997na a2200277 4500
001 - KONTROL NUMARASI
Denetim Alanı 22578
003 - KONTROL NUMARASI IDENTIFIER
Denetim Alanı MIRAKIL
005 - SON İŞLEM TARİHİ VE ZAMANI
Denetim Alanı 20181213155152.0
008 - SABİT-BOY VERİ ELEMANLARI - GENEL BİLGİLER
Sabit Uzunlukta Kontrol Alanı 170217b tu 000 0
035 ## - SİSTEM KONTROL NUMARASI
Sistem Kontrol Numarası 15915
040 ## - KATALOGLAMA KAYNAK
Orijinal Kataloglama Ajansı Milas
Kataloglama Dili tur
Metne Dönüştürmek Ajansı TR-AnCHP
041 ## - DİL KODU
Metin / Ses Parça Veya Ayrı Başlığın Dil Kodu tur
082 ## - DEWEY ONLU SINIFLANDIRMA NUMARASI
Sınıflandırma Numarası CHP 327.5693
Ürün Numarası E13k 2003
090 ## - SINIFLAMA NUMARASI
Sınıflama Numarası CHP 327.5693 E13k 2003
100 ## - ANA GİRİŞ - KİŞİSEL İSİM
Kişisel Ad Ecevit, Bülent
Bir Adıyla İlişkilendirilen Tarihler 1925-2006
245 ## - BAŞLIK TABLOSU
Başlık Kıbrıs gerçeği ve Irak sorunu
Sorumluluk Tablosu, Vb Bülent Ecevit
260 ## - YAYIN, DAĞITIM, VB
Yayın, Dağıtım, Vb Yeri [Ankara]
Yayıncı, Dağıtıcı, Vs Adı DSP Genel Merkezi
Yayın, Dağıtım, Vb Tarihi 2003
300 ## - FİZİKSEL TANIM
Kapsam 63 s.
Boyutlar 21 sm.
500 ## - GENEL NOT
Genel Not DSP genel başkanı Bülent Ecevit'in 12 Ocak 2003 günü İstanbul Abdi İpekçi Spor Salonu'nda düzenlenen "Ulusal birlik toplantısı"nda yaptığı konuşma
600 ## - KONU KATMA GİRİŞ - KURUMSAL ADI
Kişisel Ad Hüseyin, Saddam
600 ## - KONU KATMA GİRİŞ - KURUMSAL ADI
Kişisel Ad Ecevit, Bülent
Genel Alt Bölümü Konuşmalar, 2003
Kronolojik Alt Bölümü Kıbrıs sorunu
600 ## - KONU KATMA GİRİŞ - KURUMSAL ADI
Kişisel Ad Ecevit, Bülent
Genel Alt Bölümü Konuşmalar, 2003
Kronolojik Alt Bölümü Irak sorunu
651 ## - KONU KATMA GİRİŞ - COĞRAFİ ADI
Coğrafi İsim Irak
Genel Alt Bölümü Tarih
Kronolojik Alt Bölümü Saddam Hüseyin dönemi
651 ## - KONU KATMA GİRİŞ - COĞRAFİ ADI
Coğrafi İsim Kıbrıs
Genel Alt Bölümü Tarih
Kronolojik Alt Bölümü Kıbrıs krizi
942 ## - EKLENDİ GİRİŞ ELEMANLARI (KOHA)
Sınıflandırma Veya Raf Düzeni Kaynak
Koha Öğesi Türü Books
999 ## - SİSTEM KONTROL NUMARALARI (KOHA)
Koha Biblionumber 7876
Koha Biblioitemnumber 7876
Holdings
Kullanım Kısıtlamaları Kalıcı Konum Mevcut Konum Edinme Tarihi Edinim Kaynak Kodlu Konum Eleme Toplam Check-Out'Lar Tam Çağrı Numarası Barkod Tarih Son Görülme İtibaren Geçerli Fiyatlar Koha Öğesi Türü
Kütüphane dışına çıkarılamaz CHP Kütüphanesi CHP Kütüphanesi 02/17/2017 Bağış CHP   CHP 327.5693 E13k 2003 016607 02/17/2017 02/17/2017 Books